000
00356nam a2200157Ia 4500
003
OSt
005
20240404123807.0
008
170523s9999 xx 000 0 und d
020
_a
NIL
040
_c
IIMT UNIVERSITY,MEERUT
100
_a
CARNEGIE- D
245
0
_a
MANORMA YEAR BOOK 1996
260
_b
MANORMA PUBLICATION
260
_c
1988
942
_2
ddc
_c
02
999
_c
546
_d
546